00321nam a2200133Ia 45000030006000000080041000060400015000471000038000622450021001002500019001212600018001405460012001580050017001700STCL150530s9999 xx 000 0 und d aSTCLcSTCL aKewal Krishan Dewett; Varma, J.D. aIndian economics aTwenty seventh bS.Chandc1978 aEnglish20220125165500.0